Words Ending in -erior Quiz Stats

 Plays Quiz Updated Jan 9, 2013

Also try: Ends in 'GUE'
Challenge
Share
Tweet
Embed
Score 0/7 Timer 04:00
0 Plays Today
% Correct
Superior
88.4%
Interior
77.5%
Inferior
77.1%
Exterior
66.8%
Anterior
48.5%
Posterior
48.3%
Ulterior
23.6%

You're not logged in!

Compare scores with friends on all Sporcle quizzes.
Join for Free
OR
Log In

You Might Also Like...

Show Comments

Extras

Top Quizzes Today


Score Distribution

Your Account Isn't Verified!

In order to create a playlist on Sporcle, you need to verify the email address you used during registration. Go to your Sporcle Settings to finish the process.

Report this User

Report this user for behavior that violates our Community Guidelines.

Details: